Recycling, Berlin '79 /

Bibliographic Details
Corporate Authors: International Recycling Congress Berlin, Germany, Technische Universität Berlin
Other Authors: Thomé-Kozmiensky, Karl J.
Format: Conference Proceeding Book
Language:English
Published: Berlin : Berlin ; E. Freitag ; [1979]
Subjects:

MARC

Tag First Indicator Second Indicator Subfields
LEADER 00000cam a2200000 a 4500
001 in00000084168
005 20151008055707.0
008 801017s1979 wb a b 11000 eng d
020 |a 3540096612 
035 |a (OCoLC)06835513 
035 |9 AAJ4138AM 
040 |a VPI  |c VPI  |d m.c.  |d TXA  |d UtOrBLW 
049 |a TXAM  |v 1 [1329258]  |v 2 [1329259] 
090 |a TD794.5  |b .I57 1979 
111 2 |a International Recycling Congress  |d (1979 :  |c Berlin, Germany) 
245 1 0 |a Recycling, Berlin '79 /  |c edited by Karl J. Thome-Kozmiensky. 
264 1 |a Berlin :  |b E. Freitag ;  |a Berlin ;  |c [1979] 
264 2 |a New York :  |b Distributed by Springer-Verlag, 
264 4 |c ©1979 
300 |a 2 volumes :  |b illustrations ;  |c 24 cm. 
336 |a text  |b txt  |2 rdacontent 
337 |a unmediated  |b n  |2 rdamedia 
338 |a volume  |b nc  |2 rdacarrier 
500 |a "Dedicated to the Technische Universitat Berlin for its 100th anniversary." 
504 |a Includes bibliographies. 
610 2 1 |a Technische Universitat Berlin. 
650 0 |a Recycling (Waste, etc.)  |v Congresses. 
700 1 |a Thomé-Kozmiensky, Karl J. 
710 2 |a Technische Universität Berlin. 
999 |a MARS 
999 f f |s 60b8ddf5-ad05-3b4c-a360-5f7f2711c967  |i 21925e51-ce9a-3e22-ba4c-da3dd5aadc15  |t 0 
952 f f |p ric  |a Texas A&M University  |b Rellis Campus  |c Joint Library Facility  |d Remote Storage  |t 0  |e TD794.5 .I57 1979  |h Library of Congress classification  |i unmediated -- volume  |k v.2  |m A14806245443 
952 f f |p ric  |a Texas A&M University  |b Rellis Campus  |c Joint Library Facility  |d Remote Storage  |t 0  |e TD794.5 .I57 1979  |h Library of Congress classification  |i unmediated -- volume  |k v.1  |m A14806245435 
998 f f |a TD794.5 .I57 1979  |s v.1-v.2  |t 0  |l Remote Storage